Countries Visiting Indonesia the Most - Statistics

General Stats
  • This quiz has been taken 605 times
  • The average score is 13 of 15
Answer Stats
Visitors Visiting Country % Correct
2,137,450 China
97%
2,501,611 Malaysia
97%
387,295 United States
97%
1,301,225 Australia
95%
530,171 Japan
94%
595,060 India
92%
391,820 United Kingdom
89%
1,768,598 Singapore
88%
287,662 France
85%
273,847 Germany
85%
358,527 South Korea
84%
217,644 Philippines
81%
207,707 Taiwan
68%
1,762,120 East Timor
60%
209,664 Netherlands
58%
No matching quizzes found
Score Distribution
Percent of People with Each Score
Percentile by Number Answered
Your Score History
You have not taken this quiz